Statistics for Most Frequent Flag Colors

Click here to take the quiz!

General Stats

  • This quiz has been taken 17 times
  • The average score is 9 of 11

Answer Stats

% of flagsColor% Correct
76.14%Red
100%
71.57%White
100%
30.46%Black
92%
51.78%Blue
92%
44.68%Green
92%
4.57%Orange
92%
45.19%Yellow (Gold)
92%
4.06%Brown
69%
0.35%Purple
69%
3.06%Gray
54%
0.31%Pink
54%

Score Distribution

Percentile by Number Answered

Percent of People with Each Score

Your Score History

You have not taken this quiz